Macroeconomía
Gardado en:
| Autor Principal: | |
|---|---|
| Formato: | Libro |
| Idioma: | Lingua castelá |
| Publicado: |
Barcelona, España
Antoni Bosch
2014
|
| Edición: | 8a. edición |
| Subjects: | |
| Acceso en liña: | Disponible Online |
| Tags: |
Engadir etiqueta
Sen Etiquetas, Sexa o primeiro en etiquetar este rexistro!
|
MARC
| LEADER | 00000cam a2200000 a 4500 | ||
|---|---|---|---|
| 001 | UCE6547 | ||
| 003 | CL-VaPUC | ||
| 005 | 20240805153758.0 | ||
| 008 | 150423e20140000sp |||||||||||||||||spa|d | ||
| 999 | |c 358859 |d 358857 | ||
| 020 | |a 9788495348944 | ||
| 040 | |c Pontificia Universidad Católica de Valparaíso | ||
| 082 | 0 | 4 | |a 339 MAN 2014 |2 21 |
| 100 | |a Mankiw, N. Gregory |e autor |9 861929 | ||
| 245 | 1 | 0 | |a Macroeconomía |
| 250 | |a 8a. edición | ||
| 260 | |a Barcelona, España |b Antoni Bosch |c 2014 | ||
| 300 | |a 859 páginas | ||
| 583 | |a last modification |c 20150423 11:40:00 |k Rodrigo Vera | ||
| 650 | 0 | |a Macroeconomía |9 260301 | |
| 650 | 0 | |a Desarrollo económico |9 259599 | |
| 650 | 0 | |a Oferta y demanda |9 255571 | |
| 650 | 0 | |a Consumidores |9 888651 |x Conducta | |
| 650 | 0 | |a Política económica |9 255029 | |
| 852 | |a BIBCUR | ||
| 856 | |u http://bibliografiadigital.pucv.cl.pucv.idm.oclc.org/index.php/bibliotecapucv/catalog/book/204 |y Disponible Online | ||
| 942 | |c BK |2 ddc | ||
| 945 | |d 20150423 11:40:00 |a cmena | ||
| 952 | |0 0 |1 0 |3 erb |4 0 |6 339_000000000000000_MAN_2014 |7 0 |8 R |9 467766 |a BIBENE |b BIBENE |i 5146569 |l 2 |m 1 |o 339 MAN 2014 |p 5146569 |r 2025-01-15 |s 2023-10-05 |w 2019-11-23 |y BK_R |z Catalogado en:20150423 |k ICO | ||
| 952 | |0 0 |1 0 |3 erb |4 0 |6 339_000000000000000_MAN_2014 |7 0 |8 R |9 467767 |a BIBENE |b BIBENE |i 5198739 |l 1 |o 339 MAN 2014 |p 5198739 |r 2025-01-15 |s 2023-09-20 |w 2019-11-23 |y BK_R |z Catalogado en:20150911 |k ICO | ||
| 952 | |0 0 |1 0 |3 erb |4 0 |6 339_000000000000000_MAN_2014 |7 0 |8 R |9 467768 |a BIBENE |b BIBENE |i 5198747 |o 339 MAN 2014 |p 5198747 |r 2025-01-15 |w 2019-11-23 |y BK_R |z Catalogado en:20150911 |k ICO | ||
| 952 | |0 0 |1 0 |3 erb |4 0 |6 339_000000000000000_MAN_2014 |7 0 |8 R |9 467769 |a BIBENE |b BIBENE |i 5198755 |l 4 |o 339 MAN 2014 |p 5198755 |r 2025-05-07 |s 2025-05-05 |w 2019-11-23 |y BK_R |z Catalogado en:20150911 |k ICO | ||
| 952 | |0 0 |1 0 |3 erb |4 0 |6 339_000000000000000_MAN_2014 |7 0 |8 R |9 467770 |a BIBGIM |b BIBGIM |i 5356997 |o 339 MAN 2014 |p 5356997 |r 2025-01-15 |w 2019-11-23 |y BK_R |z Catalogado en:20161216 |k COM | ||
| 952 | |0 0 |1 0 |3 erb |4 0 |6 339_000000000000000_MAN_2014 |7 0 |8 R |9 467771 |a BIBGIM |b BIBGIM |i 5356989 |o 339 MAN 2014 |p 5356989 |r 2025-01-15 |w 2019-11-23 |y BK_R |z Catalogado en:20161216 |k COM | ||
| 952 | |0 0 |1 0 |3 erb |4 0 |6 339_000000000000000_MAN_2014 |7 0 |8 R |9 467772 |a BIBGIM |b BIBGIM |i 5356970 |o 339 MAN 2014 |p 5356970 |r 2025-01-15 |w 2019-11-23 |y BK_R |z Catalogado en:20161216 |k COM | ||
| 952 | |0 0 |1 0 |3 erb |4 0 |6 339_000000000000000_MAN_2014 |7 0 |8 R |9 467773 |a BIBGIM |b BIBGIM |i 5356962 |l 2 |o 339 MAN 2014 |p 5356962 |r 2025-01-15 |s 2024-08-19 |w 2019-11-23 |y BK_R |z Catalogado en:20161216 |k COM | ||
| 952 | |0 0 |1 0 |3 erb |4 0 |6 339_000000000000000_MAN_2014 |7 0 |8 R |9 467774 |a BIBGIM |b BIBGIM |i 5356954 |l 2 |o 339 MAN 2014 |p 5356954 |r 2025-01-15 |s 2024-08-22 |w 2019-11-23 |y BK_R |z Catalogado en:20161216 |k COM | ||
| 952 | |0 0 |1 0 |3 erb |4 0 |6 339_000000000000000_MAN_2014 |7 0 |8 R |9 467775 |a BIBGIM |b BIBGIM |i 5356946 |o 339 MAN 2014 |p 5356946 |r 2025-01-15 |w 2019-11-23 |y BK_R |z Catalogado en:20161216 |k COM | ||
| 952 | |0 0 |1 0 |3 erb |4 0 |6 339_000000000000000_MAN_2014 |7 0 |8 R |9 467776 |a BIBGIM |b BIBGIM |i 5356938 |o 339 MAN 2014 |p 5356938 |r 2025-01-15 |w 2019-11-23 |y BK_R |z Catalogado en:20161216 |k COM | ||
| 952 | |0 0 |1 0 |3 erb |4 0 |6 339_000000000000000_MAN_2014 |7 0 |8 R |9 467778 |a BIBGIM |b BIBGIM |i 5356911 |l 1 |o 339 MAN 2014 |p 5356911 |r 2025-01-15 |s 2023-06-14 |w 2019-11-23 |y BK_R |z Catalogado en:20161216 |k COM | ||
| 952 | |0 0 |1 0 |3 erb |4 0 |6 339_000000000000000_MAN_2014 |7 0 |8 R |9 467779 |a BIBGIM |b BIBGIM |i 5356903 |l 2 |o 339 MAN 2014 |p 5356903 |r 2025-01-15 |s 2023-06-23 |w 2019-11-23 |y BK_R |z Catalogado en:20161216 |k COM | ||
| 952 | |0 0 |1 0 |3 erb |4 0 |6 339_000000000000000_MAN_2014 |7 0 |8 R |9 467780 |a BIBENE |b BIBENE |i 5359465 |l 19 |o 339 MAN 2014 |p 5359465 |r 2025-03-19 |s 2025-03-18 |w 2019-11-23 |y BK_R |z Catalogado en:20170113 |k ICO | ||
| 952 | |0 0 |1 0 |2 ddc |3 erb |4 0 |6 339_000000000000000_MAN_2014 |7 0 |8 R |9 467781 |a BIBENE |b BIBENE |i 5359457 |l 32 |m 3 |o 339 MAN 2014 |p 5359457 |r 2025-05-05 |s 2025-04-29 |w 2019-11-23 |y BK_R |z Catalogado en:20170113 |k ICO | ||
| 952 | |0 0 |1 0 |3 erb |4 0 |6 339_000000000000000_MAN_2014 |7 0 |8 R |9 467782 |a BIBENE |b BIBENE |i 5359449 |l 17 |m 3 |o 339 MAN 2014 |p 5359449 |r 2025-05-08 |s 2025-05-05 |w 2019-11-23 |y BK_R |z Catalogado en:20170113 |k ICO | ||
| 952 | |0 0 |1 0 |2 ddc |3 erb |4 0 |6 339_000000000000000_MAN_2014 |7 0 |8 R |9 467783 |a BIBENE |b BIBENE |i 5359430 |l 16 |o 339 MAN 2014 |p 5359430 |r 2025-03-13 |s 2025-03-10 |w 2019-11-23 |y BK_R |z Catalogado en:20170113 |k ICO | ||
| 952 | |0 0 |1 2 |2 ddc |3 erb |4 0 |6 339_000000000000000_MAN_2014 |7 0 |8 R |9 467784 |a BIBENE |b BIBENE |i 5359422 |o 339 MAN 2014 |p 5359422 |r 2019-11-23 |w 2019-11-23 |y BK_R |z Catalogado en:20170113 |k ICO | ||
| 952 | |0 0 |1 0 |3 erb |4 0 |6 339_000000000000000_MAN_2014 |7 0 |8 R |9 467785 |a BIBENE |b BIBENE |i 5359414 |l 22 |m 1 |o 339 MAN 2014 |p 5359414 |r 2025-03-24 |s 2025-03-21 |w 2019-11-23 |y BK_R |z Catalogado en:20170113 |k ICO | ||
| 952 | |0 0 |1 0 |3 erb |4 0 |6 339_000000000000000_MAN_2014 |7 0 |8 R |9 467786 |a BIBENE |b BIBENE |i 5359406 |l 23 |m 1 |o 339 MAN 2014 |p 5359406 |r 2025-05-07 |s 2025-05-05 |w 2019-11-23 |y BK_R |z Catalogado en:20170113 |k ICO | ||
| 952 | |0 0 |1 0 |3 erb |4 0 |6 339_000000000000000_MAN_2014 |7 0 |8 R |9 467787 |a BIBENE |b BIBENE |i 5359392 |l 15 |m 1 |o 339 MAN 2014 |p 5359392 |r 2025-01-15 |s 2024-08-23 |w 2019-11-23 |y BK_R |z Catalogado en:20170113 |k ICO | ||
| 952 | |0 0 |1 0 |2 ddc |3 erb |4 0 |6 339_000000000000000_MAN_2014 |7 0 |8 R |9 467788 |a BIBENE |b BIBENE |i 5359384 |l 36 |m 3 |o 339 MAN 2014 |p 5359384 |r 2025-05-06 |s 2025-05-02 |w 2019-11-23 |y BK_R |z Catalogado en:20170113 |k ICO | ||
| 952 | |0 0 |1 0 |3 erb |4 0 |6 339_000000000000000_MAN_2014 |7 0 |8 R |9 467789 |a BIBENE |b BIBENE |i 5359376 |l 14 |m 1 |o 339 MAN 2014 |p 5359376 |r 2025-01-15 |s 2023-08-21 |w 2019-11-23 |y BK_R |z Catalogado en:20170113 |k ICO | ||